000 00534nam a22001697a 4500
005 20241126113013.0
008 241126b |||||||| |||| 00| 0 eng d
020 _a9780030336287
050 _aQC23
_b.K46
100 _aKirkpatrick, Larry D.
245 _aPhysics/
_ba world view
_cLarry D. Kirkpatrick & Gerald F. Wheeler
250 _a4th ed.
260 _aFort Worth
_bHarcourt College Publishers
_c2001
300 _axxxiii.693. various paging
_bill. some color
_c26cm
700 _aWheeler, Gerald F.
942 _2lcc
_cBK
_e4th ed.
_n0
999 _c1557
_d1557